000 00317nam a2200121Ia 4500
008 220204s9999 xx 000 0 und d
082 _a336.215
_bLAK
100 _aLAKHOTIA, Ram Nivas
245 0 _aAll about income tax: The easy way
260 _aCalcutta
_bAsha Pub house
_c1984
650 _aIncome tax
942 _cBK
999 _c38497
_d38497